| 000 | 00462cam a2200169ua 4500 | ||
|---|---|---|---|
| 041 |
_amal _h |
||
| 082 |
_a294.3 _bKRI/BU |
||
| 100 | _aKrishna Warrier, A G . | ||
| 245 |
_aBuddamatham / _cA G Krishna Warrier. _hTextual Documents |
||
| 260 |
_aThiruvananthapuram : _bUniversity of Travancore , _c1950. |
||
| 300 | _a400 ; . | ||
| 440 | 0 |
_aPhilosophy Series, _v1 _x; |
|
| 490 | 0 |
_aPhilosophy Series, _v1 _x; |
|
| 504 | _a | ||
| 942 | _cBK | ||
| 999 |
_c4538 _d4538 |
||